Current Questions of Managerial Function – Decision - Making in View of the Global Economic Crisis in the Conditions of the Slovak Republic

Zmeny manažérskej funkcie v dôsledku hospodárskej krízy. Test hypotézy, či je súčasná zvýšená účasť zamestnancov na rozhodovacích procesoch podmienená krízou.

Salvato in:
Dettagli Bibliografici
Autore principale: Jankelová, Nadežda, 1966-
Altri autori: Beňová, Martina, Skorková, Zuzana, 1979-
Natura: Capitolo di libro
Lingua:inglese
Soggetti:
Tags: Aggiungi Tag
Nessun Tag, puoi essere il primo ad aggiungerne!!

MARC

LEADER 00000naa a2200000 4500
001 0246474
005 20240502083658.2
041 0 |a eng 
044 |a RO 
245 1 0 |a Current Questions of Managerial Function – Decision - Making in View of the Global Economic Crisis in the Conditions of the Slovak Republic  |c Nadežda Jankelová, Martina Beňová, Zuzana Skorková 
520 |a Zmeny manažérskej funkcie v dôsledku hospodárskej krízy. Test hypotézy, či je súčasná zvýšená účasť zamestnancov na rozhodovacích procesoch podmienená krízou. 
610 2 0 |a funkcie riadenia 
610 2 0 |a kríza finančná 
610 2 0 |a manažment 
610 2 0 |a rozhodovanie skupinové 
610 2 0 |a Slovensko 
610 2 0 |a zmeny organizačné 
100 1 |a Jankelová, Nadežda, 1966- 
700 1 |a Beňová, Martina 
700 1 |a Skorková, Zuzana, 1979-